书目信息 |
| 题名: |
应力强度因子手册
|
|
| 作者: | ;中国航空研究院 主编 | |
| 分册: | ||
| 出版信息: | 北京 科学出版社 1981 |
|
| 页数: | 452页 | |
| 开本: | 25cm | |
| 丛书名: | ||
| 单 册: | ||
| 中图分类: | O346 | |
| 科图分类: | ||
| 主题词: | 固体力学 , 应力强度因子--手册 | |
| 电子资源: | ||
| ISBN: | ||
| 000 | 00671nam0 2200241 45 | |
| 001 | 0181004916 | |
| 005 | 20060727175236.76 | |
| 010 | @dCNY5.35@b精装 | |
| 091 | @a13031.1491 | |
| 100 | @a19950117d1981 em y0chiy0121 ea | |
| 101 | 0 | @achi |
| 102 | @aCN@b110000 | |
| 105 | @ay z 000yy | |
| 200 | 10 | @a应力强度因子手册@Aying li qiang du yin zi shou ce@f中国航空研究院主编 |
| 210 | @a北京@c科学出版社@d1981 | |
| 215 | @a452页@d25cm | |
| 606 | 0 | @a固体力学 |
| 606 | @a应力强度因子@x手册 | |
| 690 | @aO346 | |
| 711 | 02 | @a中国航空研究院@Azhong guo hang kong yan jiu yuan@4主编 |
| 801 | 2 | @aCN@bNLC@c20060727 |
| 801 | 0 | @aCN@b上海图书馆@c20040923 |
| 905 | @dO346@e12 | |
| 应力强度因子手册/中国航空研究院主编.-北京:科学出版社,1981 |
| 452页;25cm |
| ISBN (精装):CNY5.35 |
| ● |
| 相关链接 |
|
|
|
|
正题名:应力强度因子手册
索取号:O346/12
 
预约/预借
| 序号 | 登录号 | 条形码 | 馆藏地/架位号 | 状态 | 备注 |
| 1 | 0074336 | 000554439 | 工具书阅览室/ [索取号:O346/12] | 在馆 | |
| 2 | 0074337 | 000554420 | 第二样本阅览室/ [索取号:O346/12] | 在馆 | |
| 3 | 0442505 | 204425050 | 密集书库/ [索取号:O346/12] | 在馆 |